Guidance in the elementary classroom
Zapisane w:
| Główni autorzy: | , |
|---|---|
| Format: | Książka |
| Język: | angielski |
| Wydane: |
Nueva York
McGraw-Hill Book
1959
|
| Hasła przedmiotowe: | |
| Etykiety: |
Dodaj etykietę
Nie ma etykietki, Dołącz pierwszą etykiete!
|
MARC
| LEADER | 00000nam a2200000 a 4500 | ||
|---|---|---|---|
| 001 | UCU1502 | ||
| 003 | CL-VaPUC | ||
| 008 | 960404e19590000US |||||||||||||||||eng|d | ||
| 082 | 0 | 4 | |a 371.42 |b KOW |2 21 |
| 100 | |a Kowitz, Gerald T |e author |9 357129 | ||
| 700 | 0 | |a Kowitz, Norma Giess |e author |9 357130 | |
| 245 | 1 | 0 | |a Guidance in the elementary classroom |
| 300 | |a 314 p | ||
| 942 | |c BK | ||
| 945 | |d 19960404 00:00:00 |a lriquelm | ||
| 260 | |a Nueva York |b McGraw-Hill Book |c 1959 | ||
| 650 | 7 | |a ORIENTACION EDUCACIONAL |2 CL-VaPUC |9 312512 | |
| 650 | 7 | |a PERSONAL DE ORIENTACION EDUCACIONAL |2 CL-VaPUC |9 357131 | |
| 650 | 0 | |a Psicología educacional |9 307830 | |
| 583 | |a last modification |c 19960404 00:00:00 |k Rodrigo Vera | ||
| 999 | |c 246088 |d 246086 | ||
| 952 | |0 0 |1 0 |4 0 |6 371_420000000000000_KOW_1959 |7 0 |8 P |9 260831 |a BIBEDU |b BIBEDU |c BIBEDU_PB |d 2019-11-19 |i 2014025 |o 371.42 KOW 1959 |p 2014025 |r 2024-01-25 |w 2019-11-19 |y BK |k EDU | ||